[Event "V. Korchnoy Memorial 2018"]
[Site "St. Petersburg"]
[Date "2018.08.23"]
[Round "9"]
[White "Afanasiev, Nikita"]
[Black "Pridorozhni, Aleksei"]
[Result "1-0"]
[WhiteElo "2473"]
[BlackElo "2564"]
[Annotator "TA"]
[PlyCount "91"]
[EventDate "2018.08.15"]
[EventType "swiss"]
[EventCountry "RUS"]
[SourceTitle "playchess.com"]
[Source "ChessBase"]
[SourceQuality "1"]

{[%evp 18,91,38,0,7,7,20,14,41,41,88,99,73,82,102,101,100,100,118,105,118,96,164,157,178,191,189,93,149,143,161,146,153,152,164,150,155,129,150,145,170,0,0,0,156,75,204,222,201,213,222,212,240,223,402,214,243,196,254,223,260,0,177,188,297,262,252,208,318,251,235,0,303,229,587,580]} 1. e4 g6 2. d4 Bg7 3. Nf3 d6 4. Bc4 c6 5. h3 Nf6 6. e5 Nd5 7. O-O O-O 8. Re1 dxe5 {B04: Alekhine's Defence: 4 Nf3} 9. Nxe5 (9. dxe5 Nc7 10. Qe2 Be6 11. Bd3 Nba6 12. Nc3 Nc5 13. Bc4 b5 14. Bxe6 N7xe6 15. Be3 Qc7 16. Rad1 {1-0 (46) Dragnev,V (2458)-Neiksans,A (2590) Katowice 2017}) 9... Nd7 10. Nxd7 {LiveBook: 3 Games} (10. Nf3 {keeps more tension.} e6 11. a4 h6 12. Nbd2 c5 13. Nb3) 10... Bxd7 {The position is equal.} 11. c3 {[%cal Bc2c3,Bc3c4][%mdl 32]} Be6 12. Nd2 $146 ({Predecessor:} 12. Qe2 Re8 13. Na3 Qd7 14. Nc2 a5 15. a4 Nc7 16. Bxe6 Nxe6 {0-1 (28) Cop,J (1729)-Kolsek,J (1641) Verzej 2013}) 12... Rc8 13. Bb3 h6 14. Nf3 c5 15. c4 Nb6 {[%cal Rc5d4]} 16. d5 Bf5 17. a4 a5 18. Bd2 Ra8 19. Qc1 Kh7 (19... h5 $16 {keeps fighting.}) 20. Bc3 $18 Nc8 21. Bxg7 Kxg7 22. Bc2 (22. g4 $18 Bd7 23. Qc3+ Kh7 24. Qe3) 22... Bxc2 (22... e6 $142) 23. Qxc2 $16 Ra6 24. Ra3 Rf6 25. Rae3 Re8 26. Qc3 Nd6 27. Nd2 Kg8 28. Ne4 Rf4 29. Qe5 Rf5 $1 {[%cal Rf5e5]} 30. Qc3 $36 {[%mdl 2048] White fights for an advantage.} Rf4 $1 31. Qc1 (31. Nxd6 $142 Qxd6 32. Qxa5) 31... b6 (31... Rxe4 $16 32. Rxe4 Nxe4 33. Rxe4 Qb6) 32. Nxd6 $18 Qxd6 {[#]} 33. Rxe7 $1 {[%mdl 512]} Rxe7 (33... Qxe7 34. Rxe7) 34. Rxe7 {[%mdl 4096] Endgame KQR-KQR} Qf6 35. Re2 Rd4 $2 (35... Kg7 {is a better defense.} 36. b3 h5) 36. b3 (36. Qxh6 $142 {[%cal Re2e8]} Qd8 37. Qc1) 36... g5 37. Qe3 Rd1+ (37... Qf5 {was called for.} 38. Qc1 Kg7) 38. Re1 Rd4 39. Re2 Rd1+ {[#]} 40. Kh2 $1 Qa1 (40... Rd4 $142 41. Qc3 Kg7) 41. Qf3 ({Weaker is} 41. Qe8+ Kg7 $16) 41... Kf8 42. Re3 Qd4 (42... Rh1+ $142 43. Kg3 Rc1) 43. Re4 Qa1 44. Re3 Qd4 45. Qf5 {Rf3 is the strong threat.} Rd2 $2 (45... Qf4+ {is tougher.} 46. Qxf4 gxf4) 46. Rf3 {Precision: White = 49%, Black = 30%.} 1-0

[Event "V. Korchnoy Memorial 2018"]
[Site "St. Petersburg"]
[Date "2018.08.23"]
[Round "9"]
[White "Golubov, Saveliy"]
[Black "Triapishko, Alexandr"]
[Result "1/2-1/2"]
[WhiteElo "2470"]
[BlackElo "2502"]
[Annotator "TA"]
[PlyCount "52"]
[EventDate "2018.08.15"]
[EventType "swiss"]
[EventCountry "RUS"]
[SourceTitle "playchess.com"]
[Source "ChessBase"]
[SourceQuality "1"]

{[%evp 21,52,24,38,24,33,8,18,4,9,0,3,0,0,-5,0,0,0,0,12,3,23,23,22,9,38,13,19,14,11,0,24,0,0]} 1. e4 c6 2. Nf3 d5 3. Nc3 Bg4 4. h3 Bxf3 5. Qxf3 e6 6. Be2 Nf6 7. O-O Nbd7 8. d4 {B11: Caro-Kann: Two Knights Variation} dxe4 9. Nxe4 Nxe4 (9... Be7 10. Rd1 O-O 11. c3 a5 12. Bf4 Nxe4 13. Qxe4 Nf6 14. Qc2 Nd5 15. Bd2 b5 {0-1 (42) Howell,D (2676)-Laznicka,V (2647) Riadh 2017}) 10. Qxe4 Nf6 11. Qd3 Be7 {LiveBook: 30 Games} 12. b3 O-O 13. Bb2 {[#]} Qa5 $146 ({Predecessor:} 13... Qc7 14. c4 {½-½ (37) Golubov,S (2467)-Chigaev,M (2542) Loo 2016}) 14. a3 Rfd8 15. Rfd1 Rd7 16. c4 Rad8 17. Qc2 Ne8 18. Rd3 Bf6 {[%cal Rf6d4]} 19. Rad1 g6 20. Bc3 Qc7 (20... Qf5 {looks sharper.} 21. Bg4 Qf4 22. g3 Qh6 23. Ba5 b6) 21. Bf3 Bg7 22. a4 {[%cal Ba3a4,Ba4a5][%mdl 32]} a6 23. a5 Qc8 24. Kh1 Qc7 25. Kg1 Qc8 26. Kh1 Qc7 {Precision: White = 36%, Black = 61%.} 1/2-1/2

[Event "V. Korchnoy Memorial 2018"]
[Site "St. Petersburg"]
[Date "2018.08.23"]
[Round "9"]
[White "Murtazin, Bulat"]
[Black "Iljiushenok, Ilia"]
[Result "0-1"]
[WhiteElo "2404"]
[BlackElo "2539"]
[Annotator "TA"]
[PlyCount "62"]
[EventDate "2018.08.15"]
[EventType "swiss"]
[EventCountry "RUS"]
[SourceTitle "playchess.com"]
[Source "ChessBase"]
[SourceQuality "1"]

{[%evp 11,61,67,75,0,15,-11,-6,-2,-15,-62,-49,-115,-108,-87,-71,-60,114,98,194,194,167,162,164,94,84,112,91,33,30,18,36,41,31,26,95,119,68,86,67,97,144,-186,-162,-29982,-29983,-29989,-29990,-29997,-29998,-29998,-29999,-29999]} 1. d4 Nf6 2. c4 g6 3. f3 c5 4. d5 b5 5. cxb5 a6 6. e4 Bg7 {LiveBook: 68 Partien} 7. bxa6 {A57: Wolga/Benkö-Gambit} ({Lieber} 7. Nc3 $16) (7. Nc3 O-O 8. bxa6 e6 9. Bc4 exd5 10. Nxd5 Nc6 11. Ne2 Ne5 12. Nxf6+ Qxf6 13. Bd5 Bxa6 14. O-O Rab8 {0-1 (28) Vocaturo,D (2579)-Ivanisevic,I (2638) Dubai 2015}) 7... O-O $146 ({Vorgänger:} 7... d6 8. Bb5+ Nfd7 9. Ne2 Bxa6 10. Bxa6 Nxa6 11. O-O O-O 12. Nec3 Nb4 13. Nd2 Nb6 14. Qe2 Qc8 {0-1 (36) Lentrodt,T (2295)-Lazarev,V (2445) Passau 1994}) 8. a7 Rxa7 9. Nc3 {Die Stellung ist ausgeglichen.} e6 10. Bf4 Rb7 {Droht ...exd5 und aus.} (10... Qb6 $5 {[%cal Re6d5]}) 11. Bd6 (11. dxe6 $1 $15 dxe6 12. Qxd8 Rxd8 13. Rd1 Rxd1+ 14. Nxd1) 11... exd5 $17 {...Te8 ist eine echte Drohung.} 12. Bxf8 Qxf8 13. exd5 c4 $2 (13... Rxb2 $15 {bleibt weiter vorne.} 14. Nge2 d6) 14. Bxc4 $16 Qc5 (14... Rxb2 $16 15. Rb1 Ng4 16. fxg4 (16. Rxb2 Bxc3+ 17. Rd2 Ne3 $14) 16... Bxc3+ 17. Kf1 Rd2) 15. b3 $18 d6 16. Nge2 Re7 {[#] Weiss muss nun ...Sg4 beachten.} 17. Qd2 (17. Kf1 $18) 17... Nbd7 $16 {[%cal Bb8d7,Bd7e5,Be5f3][%mdl 32]} 18. Rc1 Ne5 19. Nd1 (19. Kf1 $16) 19... Bh3 $1 $14 {[%cal Rh3g2]} 20. Kf1 $1 {[%cal Be1f1,Bf1g2,Bg2f3][%mdl 32]} ({Minderwertig wäre} 20. Ba6 Qb6 $17) 20... Nxf3 $1 21. Qf4 Ne4 $1 {[%cal Re4d2]} 22. gxh3 {zielt auf Tc2 ab.} g5 (22... Ned2+ $11 {hält das Gleichgewicht.} 23. Kg2 Be5 24. Qxf3 Nxf3 25. Kxf3 Bd4) 23. Qxf3 $16 (23. Qg4 Ned2+ 24. Kg2 Nh4+ 25. Qxh4 gxh4 $19) 23... Nd2+ 24. Kg2 Nxf3 25. Kxf3 h5 {Droht stark ...g4+!} 26. Rc2 $2 {[%mdl 8192] [#]} (26. Nf2 $16 {hält den Druck.}) 26... Qc8 $1 $19 {[%cal Rc8f5]} 27. Bd3 $2 (27. Kg2 $19 Qf5 28. Rd2) 27... Qxh3+ {Schwarz setzt Matt.} 28. Ng3 g4+ 29. Kf4 Bh6+ 30. Kf5 Re5+ 31. Kf6 Qh4# {Precision: Weiß = 39%, Schwarz = 68%.} ({Günstiger ist} 31... Bg7#) 0-1